000 01022nam a2200205 i 4500
001 25014
003 ES-MaACL
005 20250719062532.0
007 t|
008 021219s1885 fr |||| | fre d
110 1 _aFrancia.
_bMinistère de l'Intérieur.
_9134396
245 1 0 _aApplication du régime d'emprisonnement individuel en France /
_c[Ministère de l'Intérieur].
260 _aParís :
_b[s.n.],
_c1885 (
_fImp.du Journal Officiel)
300 _a136 p. ;
_c25 cm.
650 _aDerecho penitenciario-
_zFrancia.
_9141896
852 _aES-MaACL
_jD-68(3)
_cSVI
_bR.FOLL.1/3
_dOlim: 193-C-18
_fSello en tinta en portada: "Donativo del Sr. Lastres al Ateneo de Madrid. 1707".
_gAnotación manuscrita en cubierta: "Folletos Penitenciarios. Tomo 8"
_hDonación: Francisco Lastres y Juiz
_xEncuadernación holandesa
_xEncuadernado con otras obras formando un volumen facticio.
_925941
903 _aLastres y Juiz, Francisco,
_d1848-1918
_q1
_ednr
_970504
942 _2udc
_cFOLLETOS
999 _c25014
_d25014